Réactions en chimie organique - Statistiques

Statistiques générales
  • Ce quiz a été pris 11 fois
  • Le résultat moyen est 3 sur 18
Statistiques - réponses
Réaction Fomation de... % Correct
Alcène + H-H 2 méthyls
89%
Aldéhyde + Ag+/NH3 ou Tollens 1 alcool
67%
Cétone + NaBH4 ou LiAl4 1 alcool
67%
Alcène + KMnO4 (cc) 2 cétones
33%
Alcène + KMnO4 (fd) ou OsO4 2 alcools
22%
Alcène + X-X 2 halogénures
22%
Halogénure d'acyle + eau 1 acide carboxylique + HX
11%
Cétone + eau 1 diol geminé
11%
Amide + eau 1 acide carboxylique + NH3
0%
Ester + eau 1 acide carboxylique + ROH
0%
Cétone + R-NH2 1 amide et 1 eau
0%
Halogénure d'acyle + NH3 1 amide + HX
0%
Ester + NH3 1 amide + ROH
0%
Halogénure d'acyle + R'-OH 1 ester + HX
0%
Ester + R'-OH 1 ester + ROH
0%
Alcène + eau 1 méthyl et un alcool
0%
Alcène + H-X 1 méthyl et une hallogénure
0%
Cétone + 2ROH 2 esters et 1 eau
0%
Aucun quiz correspondant
Distribution des résultats
% des personnes avec chaque résultat
Percentile par nombre de réponses
Votre historique - résultats
Vous n’avez pas pris ce quiz